[Event "SR 3. liga A2 2018/2019"]
[Site "?"]
[Date "2019.02.24"]
[Round "9.6"]
[White "Kiss, Balazs"]
[Black "Kosticky, Simon"]
[Result "0-1"]
[WhiteElo "1402"]
[BlackElo "1604"]
[PlyCount "80"]
[EventDate "2018.??.??"]

1. e4 c5 2. Nf3 Nc6 3. Nc3 a6 4. Be2 d6 5. d3 g6 6. h3 Bg7 7. Be3 b5 8. d4 cxd4
9. Nxd4 Bb7 10. Bf3 Rc8 11. O-O Nf6 12. Qe2 Ne5 13. Nd5 Nxf3+ 14. Qxf3 Nxd5 15.
exd5 e6 16. Rfe1 O-O 17. Nc6 Qc7 18. c3 Bxc6 19. dxc6 Qxc6 20. Qg3 d5 21. Rac1
Qc4 22. a3 Qb3 23. Rb1 a5 24. Bd2 d4 25. Qd6 Rfd8 26. Qf4 dxc3 27. Bxc3 Bxc3
28. bxc3 Qxc3 29. Re3 Qc4 30. Qf6 b4 31. axb4 axb4 32. Rf3 Rd7 33. g3 Rb8 34.
Kg2 b3 35. Rc3 Qe4+ 36. Rf3 Qxb1 37. h4 Qe4 38. h5 gxh5 39. Qg5+ Qg6 40. Qf4
Rdb7 0-1

[Event "SR 3. liga A2 2018/2019"]
[Site "?"]
[Date "2019.03.10"]
[Round "10.1"]
[White "Bisco, Igor"]
[Black "Cibulka, Vladimir"]
[Result "0-1"]
[WhiteElo "2034"]
[BlackElo "2131"]
[PlyCount "115"]
[EventDate "2018.??.??"]

1. e4 Nc6 2. d4 d5 3. e5 Bf5 4. Nf3 e6 5. c3 h6 6. Bd3 Nge7 7. Bxf5 Nxf5 8.
Nbd2 Be7 9. Nf1 Qd7 10. Ng3 Nxg3 11. hxg3 O-O-O 12. Be3 Na5 13. Qd3 Nc4 14. b3
Nxe3 15. Qxe3 Qb5 16. Qe2 Qxe2+ 17. Kxe2 c5 18. a4 Kd7 19. dxc5 Bxc5 20. b4 Be7
21. a5 a6 22. Kd3 Rc8 23. Rhc1 Rc7 24. Nd4 Rhc8 25. Ne2 Rc4 26. Rab1 f6 27.
exf6 Bxf6 28. f4 h5 29. Ra1 g6 30. Rab1 Kc6 31. Nd4+ Kd6 32. Ne2 e5 33. fxe5+
Bxe5 34. b5 Ra4 35. bxa6 bxa6 36. Rb6+ Rc6 37. Rb8 Rxa5 38. Rcb1 Ra4 39. Rg8
Rg4 40. Rb7 Kc5 41. Kd2 Rc7 42. Rbb8 a5 43. Rgf8 Rc6 44. Rb7 d4 45. cxd4+ Bxd4
46. Rd8 Be5 47. Ra7 Bc7 48. Re8 Kb6 49. Raa8 Kb7 50. Rf8 Ra6 51. Rae8 Bxg3 52.
Rf7+ Bc7 53. Ree7 Rc6 54. Re5 Rxg2 55. Rxa5 Ra6 56. Rc5 Ra2+ 57. Kd3 Ra3+ 58.
Kd4 0-1

[Event "SR 3. liga A2 2018/2019"]
[Site "?"]
[Date "2019.03.10"]
[Round "10.1"]
[White "Blaho, Stefan"]
[Black "Filip, Frantisek"]
[Result "1-0"]
[WhiteElo "2060"]
[BlackElo "1733"]
[PlyCount "98"]
[EventDate "2018.??.??"]

1. d4 Nf6 2. Nf3 e6 3. c4 c6 4. Nc3 Be7 5. Bg5 h6 6. Bh4 d5 7. e3 Nbd7 8. Bd3
dxc4 9. Bxc4 Nb6 10. Bd3 Nbd5 11. O-O Qc7 12. Rc1 Nb4 13. Bb1 O-O 14. a3 Nbd5
15. Qd3 g6 16. Ne5 Bd8 17. Ne2 Nh7 18. Bg3 Qe7 19. Nf4 Nxf4 20. Bxf4 Bc7 21.
Bxh6 Rd8 22. Qe4 Bxe5 23. dxe5 f5 24. exf6 Qxf6 25. Qxg6+ Qxg6 26. Bxg6 e5 27.
Rfd1 Be6 28. Kf1 Bf7 29. Bf5 Nf8 30. Bg5 Rd5 31. Bf6 Re8 32. e4 Rxd1+ 33. Rxd1
Bg6 34. Bxg6 Nxg6 35. Rd7 Nf4 36. Rxb7 Re6 37. Bg5 Nd3 38. b4 c5 39. bxc5 Nxc5
40. Rxa7 Nxe4 41. Be3 Rd6 42. g4 Nf6 43. h3 Nd5 44. Bg5 Nc3 45. a4 Ne4 46. Be3
Rd1+ 47. Kg2 Ra1 48. Ra5 Nd6 49. Ra7 Rd1 1-0

[Event "SR 3. liga A2 2018/2019"]
[Site "?"]
[Date "2019.03.10"]
[Round "10.1"]
[White "Barca, Michal"]
[Black "Bugar, Peter"]
[Result "0-1"]
[WhiteElo "1732"]
[BlackElo "1972"]
[PlyCount "92"]
[EventDate "2018.??.??"]

1. c4 Nf6 2. Nc3 e6 3. Nf3 d5 4. cxd5 exd5 5. d4 c6 6. g3 Bd6 7. Bg2 O-O 8. O-O
Re8 9. Re1 Bf5 10. Nd2 Qb6 11. e4 Bg4 12. Qb3 Qxb3 13. Nxb3 dxe4 14. Nxe4 Nxe4
15. Rxe4 Rxe4 16. Bxe4 Nd7 17. Be3 Nf6 18. Bg2 Nd5 19. Bd2 Rd8 20. a3 Be7 21.
Re1 Kf8 22. Be3 Bf6 23. h3 Be6 24. Nc5 Bc8 25. Ne4 Be7 26. Rc1 f5 27. Nc3 Nxc3
28. Rxc3 Bf6 29. Rd3 a6 30. Rd2 Be6 31. f4 Bd5 32. g4 g6 33. Kf2 Bxg2 34. Kxg2
Rd5 35. g5 Bg7 36. h4 c5 37. dxc5 Rxd2+ 38. Bxd2 Bxb2 39. Bb4 Kf7 40. Kf2 Ke6
41. Ke3 Kd5 42. a4 Bd4+ 43. Kd3 Bf2 44. Ke2 Bxc5 45. Bd2 Ke4 46. a5 Bd6 0-1

[Event "SR 3. liga A2 2018/2019"]
[Site "?"]
[Date "2019.03.10"]
[Round "10.1"]
[White "Matis, Tibor"]
[Black "Janas, Peter"]
[Result "1-0"]
[WhiteElo "1851"]
[BlackElo "1715"]
[PlyCount "158"]
[EventDate "2018.??.??"]

1. e4 d6 2. d4 g6 3. Bc4 Bg7 4. Nf3 Nf6 5. Nc3 O-O 6. O-O Nxe4 7. Nxe4 d5 8.
Ned2 dxc4 9. Nxc4 Bg4 10. c3 Qd5 11. Ne3 Bxf3 12. Nxd5 Bxd1 13. Rxd1 Nc6 14.
Nxc7 Rad8 15. Bf4 Rd7 16. Nb5 a6 17. Na3 b5 18. Nc2 Rfd8 19. Re1 a5 20. a3 b4
21. axb4 axb4 22. Ra6 Rc8 23. Rea1 h6 24. Ra8 Rxa8 25. Rxa8+ Kh7 26. Ra6 Nxd4
27. cxd4 b3 28. Na1 Rxd4 29. g3 Rd3 30. Kf1 Bxb2 31. Ke2 Rc3 32. Be5 Bxa1 33.
Rxa1 Rc2+ 34. Kf3 Rc5 35. Bd4 Rb5 36. Ke4 f6 37. Rb1 Kg8 38. Kd3 Rb7 39. Kc4
Kf7 40. Rxb3 Rd7 41. Ra3 Rc7+ 42. Kd3 Rd7 43. Ke4 Rd6 44. f4 Re6+ 45. Kf3 f5
46. h3 h5 47. g4 Re4 48. Be5 hxg4+ 49. hxg4 Re1 50. g5 Rc1 51. Ke2 Rc6 52. Ra8
Ke6 53. Rd8 Ra6 54. Kd3 Rc6 55. Rd4 Rc1 56. Rc4 Rd1+ 57. Kc3 Rb1 58. Rc6+ Kf7
59. Kc4 Rc1+ 60. Kb5 Rd1 61. Kb6 Rd3 62. Kc7 Rd1 63. Kc8 Rd3 64. Rc2 Rd1 65.
Rh2 Rc1+ 66. Kb7 Rb1+ 67. Ka6 Rc1 68. Rh7+ Ke8 69. Kb5 Kd7 70. Rg7 Rb1+ 71. Kc5
Rc1+ 72. Kd5 Rd1+ 73. Kc5 Rc1+ 74. Kb5 Rb1+ 75. Ka5 Ke6 76. Rxg6+ Kd5 77. Rg8
Rg1 78. g6 Rg2 79. g7 Ke6 1-0

[Event "SR 3. liga A2 2018/2019"]
[Site "?"]
[Date "2019.03.10"]
[Round "10.1"]
[White "Tupy, Bystrik"]
[Black "Mezes, Kristof"]
[Result "1-0"]
[WhiteElo "1694"]
[BlackElo "1630"]
[PlyCount "59"]
[EventDate "2018.??.??"]

1. e4 e6 2. Nf3 d5 3. exd5 exd5 4. d4 Nf6 5. Bg5 h6 6. Bh4 Bf5 7. Bd3 Bxd3 8.
Qxd3 c6 9. O-O Be7 10. Re1 O-O 11. Nbd2 Re8 12. Re2 Nbd7 13. Rae1 Kf8 14. Ne5
Nxe5 15. dxe5 Ng8 16. Bg3 g6 17. e6 f5 18. Be5 Nf6 19. Qg3 Kg7 20. Nf3 Rg8 21.
Bxf6+ Bxf6 22. Ne5 Kh7 23. Nf7 Qf8 24. c3 Re8 25. Qf4 Bg7 26. h4 h5 27. Ng5+
Kh8 28. Qg3 Bf6 29. Qf4 Bg7 30. e7 1-0

[Event "SR 3. liga A2 2018/2019"]
[Site "?"]
[Date "2019.03.10"]
[Round "10.1"]
[White "Vargaova, Veronika"]
[Black "Jancicka, Viliam"]
[Result "1/2-1/2"]
[WhiteElo "1439"]
[BlackElo "1611"]
[PlyCount "25"]
[EventDate "2018.??.??"]

1. e4 e5 2. Nf3 Nc6 3. Nc3 Nf6 4. Bc4 h6 5. d3 Bc5 6. h3 a6 7. Nd5 d6 8. c3 O-O
9. Bd2 Be6 10. Qc1 Kh7 11. a3 Ba7 12. Be3 Bxe3 13. Qxe3 1/2-1/2

[Event "SR 3. liga A2 2018/2019"]
[Site "?"]
[Date "2019.03.10"]
[Round "10.1"]
[White "Turczi, Arpad Matyas"]
[Black "Motyckova, Monika"]
[Result "1/2-1/2"]
[WhiteElo "1280"]
[BlackElo "1000"]
[PlyCount "98"]
[EventDate "2018.??.??"]

1. e4 e5 2. Nf3 Nc6 3. Bc4 Bc5 4. O-O d6 5. h3 Nf6 6. d3 h6 7. Nc3 O-O 8. a3
Bd7 9. Nd5 Nxd5 10. Bxd5 Qf6 11. Bd2 Rab8 12. b4 Bb6 13. Bxc6 Bxc6 14. c3 Rfe8
15. a4 a6 16. Qe2 Bd7 17. Be3 Be6 18. Bxb6 cxb6 19. d4 exd4 20. cxd4 Rbc8 21.
Rfc1 Qg6 22. Kh1 Rxc1+ 23. Rxc1 Bd5 24. e5 dxe5 25. dxe5 f6 26. Rg1 Qh5 27. Qd3
Be6 28. exf6 gxf6 29. Re1 Bf7 30. Qd7 Rxe1+ 31. Nxe1 Bd5 32. Qd8+ Kg7 33. Qxb6
Qxh3+ 34. Kg1 Qe6 35. Qxe6 Bxe6 36. Nd3 b5 37. a5 f5 38. Nc5 Bc8 39. f4 h5 40.
g3 Kf6 41. Kf2 Kf7 42. Ke3 Ke7 43. Kd4 Kd6 44. Nd3 Be6 45. Ne5 Bc8 46. Nf7+ Ke7
47. Ng5 Kd6 48. Nh3 Be6 49. Nf2 Bd7 1/2-1/2

[Event "SR 3. liga A2 2018/2019"]
[Site "?"]
[Date "2019.03.10"]
[Round "10.2"]
[White "Pribila, Gerhard"]
[Black "Nicolini, Alexander"]
[Result "1/2-1/2"]
[WhiteElo "2125"]
[BlackElo "2166"]
[PlyCount "21"]
[EventDate "2018.??.??"]

1. Nf3 d6 2. g3 g6 3. b3 Bg7 4. d4 c6 5. Bg2 Qc7 6. O-O Nf6 7. Bb2 O-O 8. c4
Nbd7 9. Qc2 Re8 10. Nc3 Nf8 11. e4 1/2-1/2

[Event "SR 3. liga A2 2018/2019"]
[Site "?"]
[Date "2019.03.10"]
[Round "10.2"]
[White "Sturdik, Igor"]
[Black "Travnicek, Petr"]
[Result "1-0"]
[WhiteElo "1965"]
[BlackElo "2108"]
[PlyCount "61"]
[EventDate "2018.??.??"]

1. e4 c5 2. Nf3 Nc6 3. d4 cxd4 4. Nxd4 Nf6 5. Nc3 e5 6. Ndb5 d6 7. Bg5 a6 8.
Bxf6 gxf6 9. Na3 b5 10. Nd5 f5 11. exf5 Bxf5 12. c3 Bg7 13. Nc2 O-O 14. Nce3
Bd7 15. g4 Rb8 16. Bd3 b4 17. Qf3 bxc3 18. bxc3 Qh4 19. Rg1 Rfe8 20. Rg3 e4 21.
Bxe4 f5 22. gxf5 Rxe4 23. Qxe4 Qxe4 24. Nf6+ Kf8 25. Nxe4 Re8 26. f6 Bh8 27.
Nxd6 Re6 28. O-O-O Bxf6 29. Rf3 Ke7 30. Nd5+ Kxd6 31. Nxf6+ 1-0

[Event "SR 3. liga A2 2018/2019"]
[Site "?"]
[Date "2019.03.10"]
[Round "10.2"]
[White "Nemsak, Denis"]
[Black "Mosny, Jaroslav"]
[Result "1-0"]
[WhiteElo "2027"]
[BlackElo "1883"]
[PlyCount "156"]
[EventDate "2018.??.??"]

1. d4 f5 2. c4 Nf6 3. Nc3 e6 4. g3 Be7 5. Bg2 O-O 6. Nf3 Qe8 7. d5 Na6 8. Nd2
Nc5 9. b4 Nce4 10. Ndxe4 Nxe4 11. Nxe4 fxe4 12. Rb1 a5 13. a3 axb4 14. axb4 Qf7
15. O-O exd5 16. cxd5 Qf5 17. Qd4 Bf6 18. Qxe4 d6 19. Qxf5 Bxf5 20. e4 Bg6 21.
Be3 Rfe8 22. Rfc1 Re7 23. Rc4 Be8 24. Bd4 Bb5 25. Bxf6 gxf6 26. Rd4 Ra2 27. Bh3
Kg7 28. Rc1 Re2 29. Bf5 h5 30. h4 Ra2 31. Kg2 Kh6 32. Rc3 Be2 33. Re3 Bb5 34.
Kf3 Kg7 35. g4 hxg4+ 36. Bxg4 Kh6 37. Rd1 Rg7 38. Rc1 Rb2 39. Bf5 Rxb4 40. Rec3
c6 41. dxc6 Bxc6 42. Rd1 Re7 43. Rxc6 bxc6 44. Rxd6 Kg7 45. Rxc6 Ra7 46. Kf4
Rb2 47. f3 Rh2 48. Kg3 Rh1 49. Bg4 Rb7 50. h5 Rb5 51. Kf4 Rh2 52. Rc7+ Kf8 53.
Rd7 Ra5 54. Be6 Rh4+ 55. Kg3 Rhxh5 56. Rf7+ Ke8 57. Rxf6 Rag5+ 58. Bg4 Rh1 59.
Kf4 Ra5 60. Rb6 Re1 61. Bf5 Ke7 62. Re6+ Kf7 63. Re5 Rxe5 64. Kxe5 Ke7 65. f4
Ra1 66. Be6 Rf1 67. Bc4 Rc1 68. Kd4 Rd1+ 69. Bd3 Ra1 70. e5 Ra4+ 71. Bc4 Ra1
72. f5 Rd1+ 73. Ke4 Rh1 74. f6+ Kf8 75. e6 Rh4+ 76. Kd5 Rh6 77. e7+ Kf7 78.
Ke5+ Kg6 1-0

[Event "SR 3. liga A2 2018/2019"]
[Site "?"]
[Date "2019.03.10"]
[Round "10.2"]
[White "Kocak, Branislav"]
[Black "Suchan, Jozef"]
[Result "1-0"]
[WhiteElo "1878"]
[BlackElo "1745"]
[PlyCount "66"]
[EventDate "2018.??.??"]

1. Nf3 Nf6 2. c4 e6 3. g3 Be7 4. Bg2 O-O 5. Nc3 d5 6. cxd5 exd5 7. d4 Bb4 8.
Bg5 Qd6 9. Bxf6 Qxf6 10. Qb3 Bxc3+ 11. bxc3 c6 12. O-O Nd7 13. Rfe1 Re8 14.
Rac1 Rb8 15. a4 b6 16. Qc2 Ba6 17. e4 dxe4 18. Rxe4 Bc4 19. Rce1 Be6 20. h4 g6
21. Ng5 Nf8 22. Bh3 Bf5 23. Bxf5 Qxf5 24. Qa2 Rxe4 25. Rxe4 h6 26. Rf4 Qd5 27.
Qxd5 cxd5 28. Nxf7 Kg7 29. Ne5 Rb7 30. c4 dxc4 31. Nxc4 b5 32. Nd6 Rd7 33. Ne8+
Kh7 1-0

[Event "SR 3. liga A2 2018/2019"]
[Site "?"]
[Date "2019.03.10"]
[Round "10.2"]
[White "Drahos, Miroslav"]
[Black "Danada, Ondrej"]
[Result "1/2-1/2"]
[WhiteElo "1704"]
[BlackElo "1863"]
[PlyCount "118"]
[EventDate "2018.??.??"]

1. e4 c6 2. d4 d5 3. exd5 cxd5 4. c4 Nf6 5. Nc3 Nc6 6. Nf3 Bg4 7. cxd5 Nxd5 8.
Qb3 Nb6 9. Ne5 Be6 10. Nxc6 bxc6 11. Qd1 g6 12. g3 Bg7 13. Bg2 Nd5 14. O-O O-O
15. Ne4 Qb6 16. Nc5 Bf5 17. Nb3 Nb4 18. Be3 Bc2 19. Qd2 Bxb3 20. axb3 Nd5 21.
Qc2 Rab8 22. Rfc1 Qxb3 23. Bxd5 cxd5 24. Rxa7 Qxb2 25. Qxb2 Rxb2 26. Rxe7 Rb4
27. Rd7 Bxd4 28. Bxd4 Rxd4 29. Rc5 Rd2 30. Rcxd5 Rxd5 31. Rxd5 Kg7 32. Kg2 Kf6
33. h4 Ke6 34. Ra5 Rd8 35. h5 Rd5 36. Ra6+ Rd6 37. Ra5 Rd5 38. Ra6+ Kf5 39.
hxg6 hxg6 40. Ra4 g5 41. Rb4 f6 42. Ra4 g4 43. Rf4+ Kg5 44. Ra4 Rd6 45. Rb4 f5
46. Rb5 Kf6 47. Rb4 Ke6 48. Ra4 Rd1 49. Rb4 Kd5 50. Rb8 Rd4 51. Re8 Rd3 52.
Rd8+ Ke4 53. Re8+ Kd4 54. Rd8+ Kc3 55. Rf8 Rd5 56. Re8 Kd2 57. Re7 Kd1 58. Re8
Kd2 59. Re7 Kd1 1/2-1/2

[Event "SR 3. liga A2 2018/2019"]
[Site "?"]
[Date "2019.03.10"]
[Round "10.2"]
[White "Kubis, Ivan"]
[Black "Jancik, Ondrej"]
[Result "1-0"]
[WhiteElo "1863"]
[BlackElo "1582"]
[PlyCount "43"]
[EventDate "2018.??.??"]

1. e4 c5 2. Nf3 d6 3. d4 cxd4 4. Nxd4 Nf6 5. Nc3 g6 6. f3 Bg7 7. Be3 O-O 8. Bc4
Nc6 9. Qd2 a6 10. O-O-O Qc7 11. Bb3 Ne5 12. h4 Nc4 13. Bxc4 Qxc4 14. g4 Be6 15.
h5 Rfc8 16. hxg6 fxg6 17. Bh6 Nxe4 18. fxe4 Bxd4 19. Qxd4 Qxd4 20. Rxd4 Bxg4
21. Nd5 Kf7 22. Nb6 1-0

[Event "SR 3. liga A2 2018/2019"]
[Site "?"]
[Date "2019.03.10"]
[Round "10.2"]
[White "Kosticky, Simon"]
[Black "Bilovsky, Milan"]
[Result "1/2-1/2"]
[WhiteElo "1629"]
[BlackElo "1913"]
[PlyCount "67"]
[EventDate "2018.??.??"]

1. d4 d5 2. c4 e6 3. Nc3 Nf6 4. Bg5 Be7 5. e3 Nbd7 6. Nf3 O-O 7. a3 c6 8. b4 h6
9. Bxf6 Bxf6 10. cxd5 cxd5 11. Bd3 Nb6 12. O-O Bd7 13. Qb3 Rc8 14. Rfc1 a6 15.
Ne2 Qe7 16. h3 Bc6 17. b5 axb5 18. Bxb5 Bxb5 19. Qxb5 Rxc1+ 20. Nxc1 Nc4 21. a4
b6 22. Nd3 Qd6 23. Nb2 Rc8 24. Nxc4 Rxc4 25. Rb1 g6 26. Nd2 Rc2 27. Nf3 Kg7 28.
Qb3 Qc7 29. g3 Qc4 30. Qxc4 Rxc4 31. Rxb6 Rxa4 32. Kg2 Ra2 33. Rb7 h5 34. h4
1/2-1/2

[Event "SR 3. liga A2 2018/2019"]
[Site "?"]
[Date "2019.03.10"]
[Round "10.3"]
[White "Lanc, Alois"]
[Black "Liptak, Tomas"]
[Result "1-0"]
[WhiteElo "2278"]
[BlackElo "2202"]
[PlyCount "135"]
[EventDate "2018.??.??"]

1. d4 Nf6 2. Nc3 d5 3. Bf4 Bf5 4. e3 e6 5. Bd3 Bxd3 6. Qxd3 a6 7. Nf3 Bd6 8.
Ne5 Nbd7 9. h3 Qb8 10. Nxd7 Nxd7 11. Bxd6 cxd6 12. e4 dxe4 13. Nxe4 d5 14. Ng5
h6 15. Nf3 Qc7 16. O-O-O O-O-O 17. Rhe1 Rhe8 18. Kb1 Qf4 19. Qb3 Kb8 20. a3 Rc8
21. Re2 Rc4 22. g3 Qf5 23. Qe3 Rec8 24. g4 Qf6 25. Rd3 R4c7 26. Rb3 Rc6 27. Kc1
Ka8 28. Kd1 Rc4 29. Rd3 R4c6 30. Ne1 Nb6 31. b3 Qe7 32. a4 Nd7 33. Qf4 Nf6 34.
f3 Nd7 35. Red2 Qf6 36. Qxf6 Nxf6 37. Kc1 Kb8 38. Kb2 Kc7 39. Rc3 Kd6 40. Rxc6+
Rxc6 41. Nd3 Nd7 42. c3 Rc8 43. Re2 f6 44. Kc2 e5 45. Kd2 Rf8 46. h4 g6 47. a5
Rh8 48. b4 Rh7 49. Nc5 Nxc5 50. bxc5+ Kc6 51. Kd3 Kb5 52. Rb2+ Kxa5 53. Rb6
exd4 54. Kxd4 h5 55. c4 dxc4 56. Kxc4 Ka4 57. gxh5 gxh5 58. Rxf6 Rc7 59. f4 a5
60. f5 Ka3 61. Re6 Kb2 62. f6 Rf7 63. Re2+ Kc1 64. Rf2 Kd1 65. Kd5 Ke1 66. Rf4
a4 67. Ke6 Rf8 68. f7 1-0

[Event "SR 3. liga A2 2018/2019"]
[Site "?"]
[Date "2019.03.10"]
[Round "10.3"]
[White "Kovacocy, Pavol"]
[Black "Bango, Lukas"]
[Result "1/2-1/2"]
[WhiteElo "2283"]
[BlackElo "2130"]
[PlyCount "28"]
[EventDate "2018.??.??"]

1. e4 c5 2. Nf3 d6 3. d4 cxd4 4. Nxd4 Nf6 5. f3 g6 6. c4 Bg7 7. Be3 Nc6 8. Qd2
O-O 9. Nc3 Nxd4 10. Bxd4 Be6 11. Rc1 a5 12. b3 Nd7 13. Be2 Bxd4 14. Qxd4 Qb6
1/2-1/2

[Event "SR 3. liga A2 2018/2019"]
[Site "?"]
[Date "2019.03.10"]
[Round "10.3"]
[White "Bango, Dominik"]
[Black "Sarmir, Milos"]
[Result "1-0"]
[WhiteElo "1853"]
[BlackElo "2119"]
[PlyCount "171"]
[EventDate "2018.??.??"]

1. e4 e5 2. Nf3 Nc6 3. Bb5 a6 4. Ba4 Nf6 5. O-O Be7 6. Re1 b5 7. Bb3 d6 8. c3
O-O 9. d4 Bg4 10. Bd5 Qd7 11. h3 Bxf3 12. Qxf3 exd4 13. Bxc6 Qxc6 14. cxd4 Qc4
15. Qc3 Qxc3 16. Nxc3 c5 17. dxc5 dxc5 18. Bf4 c4 19. a3 Bc5 20. Rad1 Rfe8 21.
e5 Nh5 22. Bh2 g6 23. Nd5 Rec8 24. e6 fxe6 25. Nc7 Ra7 26. Rxe6 Ng7 27. Rc6 Be7
28. Nxb5 Rxc6 29. Nxa7 Re6 30. Nc8 Bc5 31. Bd6 Re8 32. Bxc5 Rxc8 33. Bb4 Ne8
34. Rd7 Rc7 35. Rd8 Kf7 36. Ra8 Rc6 37. Ra7+ Kg8 38. Bc3 h5 39. g3 Nc7 40. Be5
Ne6 41. Kg2 Nc5 42. Kf3 Nd3 43. Bd4 Re6 44. h4 Ne1+ 45. Kf4 Nd3+ 46. Kg5 Ne1
47. Rg7+ Kf8 48. Kh6 Nf3 49. Bc5+ Ke8 50. Rxg6 Re2 51. Rb6 Re5 52. Be3 Nh2 53.
Rxa6 Ng4+ 54. Kg6 Nxe3 55. fxe3 Rxe3 56. Kxh5 Rxg3 57. Rc6 Rg2 58. Rxc4 Rxb2
59. Rb4 Ra2 60. a4 Kf7 61. Kh6 Kg8 62. Rb8+ Kf7 63. Ra8 Ra1 64. a5 Rg1 65. h5
Rg2 66. Ra7+ Kf8 67. Ra6 Ra2 68. Rf6+ Kg8 69. Rf5 Ra1 70. Kg6 Rg1+ 71. Kf6 Kf8
72. Ke6+ Ke8 73. Kd6 Rc1 74. Rc5 Ra1 75. Kc7 Ra2 76. Kb7 Rb2+ 77. Ka7 Kd7 78.
Ka6 Rb8 79. Rb5 Rc8 80. h6 Kc6 81. Rb6+ Kc7 82. Ka7 Re8 83. h7 Rh8 84. Rb7+ Kc6
85. a6 Kc5 86. Rc7+ 1-0

[Event "SR 3. liga A2 2018/2019"]
[Site "?"]
[Date "2019.03.10"]
[Round "10.3"]
[White "Vagovsky, Jozef"]
[Black "Capanda, Jan"]
[Result "0-1"]
[WhiteElo "1778"]
[BlackElo "1884"]
[PlyCount "64"]
[EventDate "2018.??.??"]

1. d4 f5 2. c4 Nf6 3. Nc3 b6 4. Nf3 Bb7 5. e3 e6 6. Bd3 c5 7. O-O cxd4 8. exd4
g6 9. Qe2 a6 10. Re1 Bg7 11. d5 O-O 12. dxe6 Re8 13. e7 Qc7 14. Qe3 Nc6 15. Qf4
d6 16. c5 bxc5 17. Bc4+ Kh8 18. Bd2 Nh5 19. Qh4 Nxe7 20. Bf7 Qd7 21. Bxe8 Rxe8
22. Bg5 Nc6 23. Rxe8+ Qxe8 24. Re1 Ne5 25. Nxe5 dxe5 26. Qa4 Qe6 27. Rd1 h6 28.
Rd8+ Kh7 29. Re8 Qb6 30. Bd8 Qxb2 31. Qb3 Qc1+ 32. Nd1 c4 0-1

[Event "SR 3. liga A2 2018/2019"]
[Site "?"]
[Date "2019.03.10"]
[Round "10.3"]
[White "Lopatievov, Alexander"]
[Black "Markuliak, Mario"]
[Result "1/2-1/2"]
[WhiteElo "1867"]
[BlackElo "1843"]
[PlyCount "71"]
[EventDate "2018.??.??"]

1. Nf3 d6 2. d4 Nd7 3. e4 e5 4. c3 Ngf6 5. Bd3 Be7 6. O-O O-O 7. h3 Re8 8. Re1
c6 9. dxe5 dxe5 10. Bc4 h6 11. a4 Qc7 12. b4 a5 13. Qb3 Rf8 14. Nh4 Nb6 15. Ng6
Nxc4 16. Nxe7+ Qxe7 17. Qxc4 Be6 18. Qe2 axb4 19. cxb4 Qxb4 20. Ba3 Qd4 21. Bb2
Qd6 22. Ba3 c5 23. Qb5 b6 24. Nc3 Rfd8 25. Rad1 Qc7 26. Rxd8+ Rxd8 27. Rb1 Rd6
28. Qe2 Qd8 29. Bc1 Rd3 30. Nd5 Rd4 31. Nxb6 Rxe4 32. Be3 Rb4 33. Rxb4 cxb4 34.
Qb5 Qd6 35. a5 b3 36. a6 $11 1/2-1/2

[Event "SR 3. liga A2 2018/2019"]
[Site "?"]
[Date "2019.03.10"]
[Round "10.3"]
[White "Vlkovic, Pavol"]
[Black "Zarecky, Eduard"]
[Result "1-0"]
[WhiteElo "1816"]
[BlackElo "1816"]
[PlyCount "63"]
[EventDate "2018.??.??"]

1. e4 e5 2. Nf3 Nc6 3. Bc4 h6 4. c3 Nf6 5. d3 Bc5 6. h3 d6 7. O-O Qe7 8. Re1 a6
9. a4 Be6 10. Nbd2 Qd7 11. Bxe6 fxe6 12. Nc4 O-O 13. Be3 Bxe3 14. Nxe3 Qf7 15.
Rf1 Ne7 16. Nh2 Ng6 17. g3 Rad8 18. Qe2 Nh7 19. h4 d5 20. Neg4 Qe7 21. exd5
Rxd5 22. c4 Rd4 23. h5 Nf4 24. Qxe5 Rxd3 25. gxf4 Rf5 26. Qe2 Rh3 27. Rae1 Nf8
28. Qe4 Rfxh5 29. Re3 Qh4 30. Rxh3 Qxh3 31. Qg2 Qb3 32. Nf6+ 1-0

[Event "SR 3. liga A2 2018/2019"]
[Site "?"]
[Date "2019.03.10"]
[Round "10.3"]
[White "Kramar, Matus"]
[Black "Kavuljak, Alojz"]
[Result "1/2-1/2"]
[WhiteElo "1680"]
[BlackElo "1664"]
[PlyCount "63"]
[EventDate "2018.??.??"]

1. e4 d6 2. d4 g6 3. Nf3 Bg7 4. Be2 Nc6 5. c3 e5 6. dxe5 Nxe5 7. O-O Nxf3+ 8.
Bxf3 Ne7 9. Bg5 O-O 10. Re1 Qd7 11. Qd2 Nc6 12. g3 Ne5 13. Bg2 Qg4 14. Qf4 Qe6
15. Qe3 f6 16. Bf4 Bd7 17. Bxe5 fxe5 18. Na3 b6 19. Bf1 Kh8 20. Bc4 Qg4 21. Be2
Qh3 22. Bf1 Qe6 23. Bc4 Qf6 24. Rad1 Bg4 25. Be2 Bxe2 26. Qxe2 a6 27. Nc2 a5
28. Ne3 Rf7 29. Nd5 Qe6 30. Qb5 Raf8 31. Rf1 h5 32. Qe2 1/2-1/2

[Event "SR 3. liga A2 2018/2019"]
[Site "?"]
[Date "2019.03.10"]
[Round "10.3"]
[White "Prigoda, Lubos"]
[Black "Skreko, Igor"]
[Result "0-1"]
[WhiteElo "1514"]
[BlackElo "1547"]
[PlyCount "88"]
[EventDate "2018.??.??"]

1. e4 c5 2. Nf3 d6 3. d4 cxd4 4. Nxd4 Nf6 5. f3 a6 6. Be3 e6 7. c4 Be7 8. Be2
Qc7 9. h3 Nc6 10. Nc3 Bd7 11. O-O Rc8 12. Qd2 Na5 13. b3 e5 14. Nf5 Bxf5 15.
exf5 b5 16. Nd5 Nxd5 17. cxd5 Nb7 18. Rac1 Qd7 19. Rxc8+ Qxc8 20. g4 O-O 21.
Rc1 Qd7 22. Rc6 Ra8 23. Qc2 Bd8 24. Bb6 $11 Bxb6+ 25. Rxb6 Rc8 26. Rc6 Rb8 27.
Rxa6 Nc5 28. Rc6 b4 29. Qd2 Qd8 30. Kg2 Rb6 31. Rxb6 $11 Qxb6 32. Qc2 Qb7 33.
Qc4 Kf8 34. Qb5 Qxb5 35. Bxb5 Ke7 36. Kf2 Kf6 37. h4 e4 38. f4 h5 39. g5+ Kxf5
40. Be2 Nd3+ 41. Bxd3 exd3 42. Ke3 Kg4 43. Kxd3 Kxh4 44. Ke3 Kg3 0-1

[Event "SR 3. liga A2 2018/2019"]
[Site "?"]
[Date "2019.03.10"]
[Round "10.4"]
[White "Cajka, Tibor"]
[Black "Sefcik, Marek"]
[Result "1-0"]
[WhiteElo "2097"]
[BlackElo "2017"]
[PlyCount "57"]
[EventDate "2018.??.??"]

1. e4 c5 2. Nf3 e6 3. c4 Nc6 4. Nc3 d6 5. d4 cxd4 6. Nxd4 Nxd4 7. Qxd4 e5 8.
Qd3 Be7 9. Be2 Be6 10. O-O Nf6 11. Nd5 Bxd5 12. exd5 Nd7 13. Qg3 Bf6 14. h4 h5
15. Bg5 Bxg5 16. hxg5 g6 17. b4 b6 18. Rfc1 f5 19. gxf6 Qxf6 20. Bd3 g5 21. c5
bxc5 22. Bb5 Ke7 23. Bxd7 Kxd7 24. bxc5 dxc5 25. Rxc5 Rac8 26. Rc6 Rxc6 27.
dxc6+ Kxc6 28. Qd3 Rc8 29. Qa6+ 1-0

[Event "SR 3. liga A2 2018/2019"]
[Site "?"]
[Date "2019.03.10"]
[Round "10.4"]
[White "Horak, Ivan"]
[Black "Ocko, Martin"]
[Result "1/2-1/2"]
[WhiteElo "2021"]
[BlackElo "2005"]
[PlyCount "131"]
[EventDate "2018.??.??"]

1. e4 c5 2. Nc3 Nc6 3. f4 g6 4. Bb5 Nd4 5. Nf3 Nxb5 6. Nxb5 a6 7. Nc3 Bg7 8.
O-O d6 9. d3 e6 10. Qe1 Ne7 11. Rb1 O-O 12. Qh4 Nc6 13. Qh3 Nd4 14. Rf2 f5 15.
Ng5 h6 16. exf5 exf5 17. Nf3 Re8 18. Qg3 Nxf3+ 19. Rxf3 Kh7 20. Bd2 d5 21. Re1
Rxe1+ 22. Qxe1 d4 23. Nd1 Bd7 24. Rf2 Qf8 25. Re2 Re8 26. Rxe8 Qxe8 27. Qxe8
Bxe8 28. Ba5 b5 29. b3 Bf7 30. Nb2 Bd5 31. Bc7 Bf8 32. a4 Kg7 33. axb5 axb5 34.
b4 Kf7 35. bxc5 Bxc5 36. Be5 Ba2 37. Kf1 Bb1 38. c4 Ba3 39. Bxd4 Bxb2 40. Bxb2
Bxd3+ 41. Kf2 Bxc4 42. Ke3 g5 43. h3 Kg6 44. Ba3 h5 45. fxg5 h4 46. Kf4 Bd5 47.
g3 hxg3 48. Kxg3 Kxg5 49. h4+ Kh5 50. Be7 Be4 51. Kf4 Bc2 52. Kg3 Bd1 53. Kf4
Kg6 54. Ke5 Bg4 55. Bb4 Kf7 56. Bd2 Kg6 57. Bb4 Kh5 58. Be7 Bh3 59. Kf4 Kg6 60.
Ke5 Kf7 61. Bb4 Bg4 62. Bc5 Ke8 63. Bb4 Kf7 64. Bc5 Kg6 65. Bb4 Bh3 66. Be7
1/2-1/2

[Event "SR 3. liga A2 2018/2019"]
[Site "?"]
[Date "2019.03.10"]
[Round "10.4"]
[White "Kahanek, Jaroslav"]
[Black "Hanzluvka, Peter"]
[Result "1-0"]
[WhiteElo "1841"]
[BlackElo "1925"]
[PlyCount "67"]
[EventDate "2018.??.??"]

1. d4 Nf6 2. Nc3 d5 3. Bf4 c6 4. e3 Nbd7 5. Nf3 e6 6. a3 h6 7. Bd3 Be7 8. h3 a6
9. O-O c5 10. dxc5 Nxc5 11. b4 Nxd3 12. Qxd3 Bd7 13. Nd4 Rc8 14. Rab1 O-O 15.
Rfe1 Rc4 16. e4 Qc8 17. Re3 Rd8 18. exd5 Nh5 19. Bh2 Bg5 20. Rbe1 Nf4 21. Bxf4
Bxf4 22. Nde2 Bg5 23. Re4 exd5 24. Nxd5 Rxe4 25. Qxe4 Re8 26. Qd4 Qxc2 27. Ndc3
Bc6 28. Qd1 Qg6 29. Ng3 Rd8 30. Qg4 Qc2 31. Nge4 Re8 32. Qf5 Qb3 33. Rb1 Qc2
34. Nf6+ 1-0